Catálogo Biblioteca Central

El control del gobierno en democracia (Registro nro. 194849)

Detalles MARC
000 -CABECERA
campo de control de longitud fija 00938 am a2200241 i 4500
001 - NÚMERO DE CONTROL
campo de control 194849
003 - IDENTIFICADOR DEL NÚMERO DE CONTROL
campo de control ES-MaBCM
005 - FECHA Y HORA DE LA ÚLTIMA TRANSACCIÓN
campo de control 20250326081210.0
008 - CÓDIGOS DE INFORMACIÓN DE LONGITUD FIJA
campo de control de longitud fija 131114t2013 sp ||||| |||| 00| 0 spa d
017 ## - NÚMERO DE COPYRIGHT O DE DEPÓSITO LEGAL
Depósito legal M.20442-2013
020 ## - NÚMERO INTERNACIONAL NORMALIZADO PARA LIBROS(ISBN)
Número Internacional Normalizado para Libros (ISBN) 978-84-309-5855-9
035 ## - NÚMERO DE CONTROL DEL SISTEMA
Número de control de sistema (OCoLC)870273731
040 ## - FUENTE DE LA CATALOGACIÓN
Centro transcriptor ES-MaBCM
110 2# - PUNTO DE ACCESO PRINCIPAL - NOMBRE DE ENTIDAD CORPORATIVA
9 (RLIN) 120835
Nombre de entidad corporativa o nombre de jurisdicción como elemento inicial Asociación Española de Letrados de Parlamentos
Unidad subordinada . Jornadas.
Número del congreso o número de parte o sección de la obra (19ª.
Fecha del congreso o de la firma de un tratado 2012.
Sede del congreso Oviedo)
245 #3 - MENCIÓN DE TÍTULO
Título El control del gobierno en democracia
Resto del título : XIX Jornadas de la Asociación Española de Letrados de Parlamentos
Mención de responsabilidad etc. Francesc Pau i Vall (coordinador)
260 ## - PUBLICACIÓN, DISTRIBUCIÓN, ETC. (PIE DE IMPRENTA)
Fecha de publicación distribución etc. 2013
Nombre del editor distribuidor etc. Tecnos,
Lugar de publicación distribución etc. Madrid :
300 ## - DESCRIPCIÓN FÍSICA
Extensión 288 p.
Dimensiones 24 cm
650 #7 - PUNTO DE ACCESO ADICIONAL DE MATERIA--TÉRMINO DE MATERIA
Término de materia o nombre geográfico como elemento inicial Control parlamentario
9 (RLIN) 58113
650 #7 - PUNTO DE ACCESO ADICIONAL DE MATERIA--TÉRMINO DE MATERIA
Término de materia o nombre geográfico como elemento inicial Relación Gobierno - Parlamento
9 (RLIN) 60077
700 ## - PUNTO DE ACCESO ADICIONAL--NOMBRE DE PERSONA
9 (RLIN) 35724
Nombre de persona Pau i Vall, Francesc
Fechas asociadas al nombre 1953-
856 ## - LOCALIZACIÓN Y ACCESO ELECTRÓNICOS
Identificador Uniforme del Recurso (URI) https://mpr-intra.koha.es/intranet-tmpl/prog/local_repository/documents/194849.pdf
Texto de enlace Acceso al índice
942 ## - ELEMENTOS DE PUNTO DE ACCESO ADICIONAL (KOHA)
Tipo de ítem Koha Libros
Fuente del sistema de clasificación o colocación Universal Decimal Classification
Existencias
Estado de retiro Estado de pérdida Fuente del sistema de clasificación o colocación Estado dañado No para préstamo Localización permanente Ubicación/localización actual Ubicación en estantería Fecha de adquisición Fuente de adquisición Número de inventario Número de registro Total de préstamos Signatura topográfica completa Código de barras Fecha visto por última vez Fecha del último préstamo Precio válido a partir de Tipo de ítem Koha
    Universal Decimal Classification     Biblioteca Central del Ministerio de la Presidencia Biblioteca Central del Ministerio de la Presidencia Sala 14/11/2013 Compra | | 1 57112 1068815 11/03/2026 28/01/2016 14/11/2013 Libros